[Event "Olympiad-36"]
[Site "Mallorca"]
[Date "2004.10.17"]
[Round "3"]
[White "Karttunen, Mika"]
[Black "Gustafsson, Jan"]
[Result "0-1"]
[WhiteElo "2413"]
[BlackElo "2603"]
[Annotator "Finkel,A"]
[PlyCount "154"]
[EventDate "2004.10.15"]
[EventType "team-swiss"]
[EventRounds "14"]
[EventCountry "ESP"]
[SourceTitle "CBM 104"]
[Source "ChessBase"]
[SourceDate "2005.01.27"]
[SourceVersion "1"]
[SourceVersionDate "2005.01.27"]
[SourceQuality "1"]
[WhiteTeam "Finland"]
[BlackTeam "Germany"]
[WhiteTeamCountry "FIN"]
[BlackTeamCountry "GER"]

1. d4 Nf6 2. Bg5 d5 3. Bxf6 exf6 4. e3 Bd6 5. Nd2 c6 6. Bd3 f5 {This move is
more accurate than 6...0-0, which is met with 7.Qf3.} (6... O-O 7. Qf3 Be6 (
7... Re8 8. Ne2 Nd7 (8... Na6 9. c3 Nc7 10. h4 Qd7 11. g3 Qg4 12. Qg2 Qh5 13.
Nf4 $14 {Agdestein,S-Dannevig,O/Asker 2000}) 9. O-O-O (9. h4 Nf8 10. g4 Be6 11.
O-O-O c5 12. dxc5 Bxc5 13. Nb3 Rc8 14. Nf4 $16 {Piket,J-Stull,N/Lyon 1990}) (9.
O-O Nf8 10. c4 Bb8 11. cxd5 cxd5 12. Rfc1 b6 13. Rc2 Bb7 14. Rac1 $16 {Ionescu,
D-Baratosi,D/Tusnad 2000}) 9... b5 10. g4 Nb6 11. h4 Nc4 12. Kb1 (12. g5 g6 13.
h5 f5 14. hxg6 {1/2-1/2 Meduna,E-Lukacs,P/Trnava 1986/EXT 97 (14)}) 12... Bb4
13. c3 Bf8 14. g5 g6 $132 {Psakhis,L-Podgaets,M/Kharkov 1985}) (7... Nd7 8. Ne2
Nb6 (8... b5 9. e4 Nb6 10. O-O Nc4 11. Bxc4 dxc4 12. Qe3 Qb6 13. f4 f5 $15 {
Berkes,F-Meszaros,T/Paks 1998}) 9. g4 Na4 10. Rb1 c5 11. b3 Nb6 12. c3 $14 {
Piket,J-Ivanchuk,V/Roquebrune 1992}) (7... a5 8. Ne2 a4 9. O-O (9. g4 Be6 10.
h4 Qc8 11. Rg1 Na6 12. c3 c5 13. g5 f5 14. Kf1 c4 15. Bc2 $16 {Berkes,
F-Jamrich,G/Visegrad 1998}) 9... Re8 10. c4 dxc4 11. Nxc4 Bc7 12. e4 $14 {
Hodgson,J-Langeweg,K/Candas 1992}) (7... Na6 8. c3 Nc7 9. Ne2 g6 10. g4 $1 c5
$6 11. dxc5 Bxc5 12. h4 $16) 8. Ne2 Re8 9. g4 Nd7 10. h4 c5 11. c3 cxd4 12.
exd4 a6 13. Nf1 Qb6 14. O-O-O Qa5 $13 {Meduna,E-Brustman,A/Cappelle la Grande
1995}) 7. Ne2 g6 (7... Be6 8. c4 (8. O-O Nd7 9. c4 Nf6 10. c5 Bc7 11. b4 Ne4
12. b5 O-O 13. Rb1 Re8 14. Rb2 Bc8 $132 {Aleksandrov,A-Ryskin,A/Minsk 1994})
8... Nd7 9. Qb3 Rb8 10. cxd5 Bxd5 11. Bc4 Bxc4 12. Nxc4 Bc7 13. O-O-O O-O $13 {
Ermenkov,E-Groszpeter,A/Varna 1983}) (7... O-O 8. O-O g6 9. c4 dxc4 10. Bxc4
Nd7 11. Rc1 Nf6 12. Qc2 Qe7 13. Nc3 Re8 14. Rfd1 Bd7 15. Be2 Rad8 $13 {Mueller,
M-Gyorkos,L/Budapest 1992}) (7... Qe7 8. O-O O-O 9. c4 dxc4 10. Nxc4 Bc7 11.
Re1 g6 12. a3 Nd7 13. Qc2 Nf6 14. g3 Rd8 15. Nc3 Be6 16. Rac1 {1/2-1/2 Tyomkin,
D-Lazarev,V/Montreal 2000}) 8. O-O (8. c4 Be6 9. Qb3 Qb6 10. c5 Qxb3 11. axb3
Bc7 12. b4 Ke7 13. b5 $14 {Brandics,J-Kevei,P/Hungary 1998}) 8... Nd7 9. b3 Nf6
10. c4 O-O 11. c5 {Probably an only plan white has got in the position.} (11.
Nc3 f4 12. e4 $6 Bb4 13. Qc2 dxe4 14. Ncxe4 Nxe4 15. Nxe4 Qxd4 $17) 11... Bc7
12. b4 Bd7 13. Rb1 ({May be it was accurate to prepare b5 with a4 not giving
black a chance to push b5.} 13. a4 Re8 14. b5 Ne4 15. Qc2 h5 16. Rab1 h4 $132)
13... b5 $5 14. cxb6 (14. a4 a6 15. Ra1 Rc8 16. Nf3 Ne4 17. Ra2 Re8 $15) 14...
axb6 15. Qc2 {White chooses a "waitng strategy", that is he is not taking any
actions on the queenside, when he had a chance to.} (15. a4 Ne4 16. Nf3 Re8 17.
b5 $13) 15... Ra3 $5 {[%csl Ra2]} 16. Rb2 Re8 17. g3 Bd6 $15 18. Rfb1 $6 (18.
Nb1 Ra7 19. a4 Ne4 20. Nbc3 Qa8 $15) 18... Ne4 19. Nf1 Qa8 20. f3 {[%csl Re3]
It's not easy to tolerate the knight on e4, but from now on white will have
another weakness to defend.} h5 21. Rc1 Nf6 (21... h4 22. gxh4 Kg7 23. h5 Nf6
24. hxg6 fxg6 $44) 22. h4 Kg7 23. Qb1 Qa7 {Once white is deprived a chance to
push a4 black can afford himself to build up a pressure quite slowly.} 24. Rc3
Ra8 25. Rxa3 Qxa3 26. Nc1 Qa7 27. Kg2 Qb7 28. Qc2 Ra3 29. Qd2 (29. Rb3 Qa7 30.
Qb2 Rxb3 31. Qxb3 c5 32. dxc5 bxc5 33. bxc5 Bxc5 34. Be2 Be6 $15 {[%cal Gd5d4]}
) 29... Be6 30. Bb1 Bc8 $5 {[%csl Rf3][%cal Gb7a8,Gc8b7,Gc6c5]} 31. Qc2 Qa8 32.
Qe2 $6 (32. Rb3) 32... Bb7 33. Bd3 Rc3 $17 {Finally succeeding to penitrate.}
34. Rc2 (34. Qd2 Qa3 35. b5 c5 36. dxc5 bxc5 $17) 34... Rxc2 35. Qxc2 Bxb4 36.
Be2 Qa3 37. Nd3 Bd6 38. Nd2 Qa8 (38... c5 $1) 39. Qb2 Ba6 40. Nc1 (40. Qxb6
Bxd3 41. Bxd3 Qxa2 $19) 40... Bxe2 41. Nxe2 Qa6 42. Kf2 Kg8 43. Qc2 Qa8 $6 {
Black's manovres are just a waste of time.} (43... c5) 44. Nc1 c5 45. Qb2 Qd8
46. Ne2 Bc7 47. Nb3 c4 $6 48. Nd2 Qd7 49. Nb1 Ne8 50. Nbc3 Qc6 $2 {[%cal Ge8d6]
Letting white to escape with a draw after 51.Qb5!} 51. a4 $6 (51. Qb5 $1 Qxb5
52. Nxb5 Bd8 (52... Bb8 53. Nec3 Nf6 54. Na4 Nd7 55. Nac3 $11) 53. Nf4 Nf6 54.
Nc3 $11) 51... Bd6 52. Qb5 Qxb5 53. axb5 Nf6 54. Na4 $2 {Missing another
chance to secure a half a point after} (54. Nf4 $1 Bxf4 55. gxf4 Kf8 56. Na4
Nd7 57. Nc3 $11) 54... Bc7 55. Nec3 (55. Nf4 Kf8 56. Nc3 Bxf4 57. gxf4 Ke7 $17)
55... Kf8 56. Na2 Ke7 $19 57. Nb4 Kd6 58. Nc3 Ke6 59. Na4 Bd6 60. Nc2 Ne8 61.
Kg2 (61. Nxb6 Nc7 62. Nc8 Nxb5 63. Nxd6 Kxd6 64. Ke2 f6 $19) 61... Nc7 62. Nc3
Be7 63. Kh3 Bf8 64. Kg2 f6 65. f4 {[%csl Re4]} Be7 66. Kf3 Ne8 67. Ke2 Nd6 68.
Nb4 Nxb5 69. Nbxd5 Nxc3+ 70. Nxc3 Kd6 71. Nb5+ Kd5 72. Kd2 Bb4+ 73. Nc3+ Kc6
74. Kc2 b5 75. Kb2 Ba5 76. Kc2 b4 77. Ne2 Kd5 0-1

[Event "Zhong Hong Real Estate Cup"]
[Site "Beijing"]
[Date "2001.07.20"]
[Round "1"]
[White "Ni, Hua"]
[Black "Wang, Zili"]
[Result "1/2-1/2"]
[WhiteElo "2568"]
[BlackElo "2557"]
[Annotator "Finkel,A"]
[PlyCount "96"]
[EventDate "2001.07.20"]
[EventType "tourn"]
[EventRounds "11"]
[EventCountry "CHN"]
[EventCategory "10"]
[SourceTitle "CBM 085"]
[Source "ChessBase"]
[SourceDate "2001.11.13"]
[SourceVersion "1"]
[SourceVersionDate "2001.11.13"]
[SourceQuality "1"]

1. d4 Nf6 2. Nc3 d5 3. Nf3 Nbd7 (3... Bf5 4. Bf4 (4. Bg5 Nbd7 (4... e6 5. g3 h6
6. Bxf6 Qxf6 7. Bg2 Bb4 8. Qd2 O-O 9. O-O c5 10. a3 Bxc3 11. Qxc3 Nd7 $15 {
Edelsztein,K-Malbran,G/Boca Juniors 1998}) 5. e3 h6 6. Bh4 e6 7. Bd3 Be7 8. Ne5
Nxe5 9. dxe5 Ne4 10. Bxe4 Bxe4 11. Bxe7 Qxe7 12. Nxe4 dxe4 13. Qd4 $14 {
Rauber,D-Briffa,P/Moscow olm 1994}) 4... e6 5. e3 Be7 6. Be2 O-O 7. Ne5 Nbd7 8.
g4 Bg6 9. h4 h6 10. g5 $16 {Mikulec,D-Goller,S/NB MII 1993}) (3... c6 4. Bf4
Bf5 5. e3 e6 6. Bd3 Bxd3 7. Qxd3 Bd6 8. Bxd6 Qxd6 9. O-O Nbd7 10. e4 dxe4 11.
Nxe4 Nxe4 12. Qxe4 O-O $11 {Najjar,A-Hamam,R/Tanta op 1997}) 4. Bf4 (4. e3 e6
5. Bd3 c5 6. O-O Be7 7. Re1 O-O 8. a4 Qc7 9. e4 dxe4 10. Nxe4 b6 11. Bg5 Re8
$11 {Mays,S-Peschlow,P/47th City Open 1998}) 4... e6 5. e3 $6 {Better was} (5.
Nb5 $5 Bb4+ 6. c3 Ba5 7. h3 O-O 8. e3 a6 9. Na3 $14 {with slightly better
chanses for white}) 5... a6 6. Be2 Be7 7. Ne5 $5 (7. O-O O-O 8. Ne5 c5 $11)
7... O-O (7... c5 8. g4 Qa5 9. Qd2 Nxe5 10. Bxe5 O-O) 8. h4 c5 9. g4 cxd4 (9...
Nxe5 10. Bxe5 b5 11. Bf3 b4 12. Ne2 a5 $132) 10. exd4 Nxe5 11. dxe5 (11. Bxe5
Nd7 (11... Qb6 12. Rb1 Bd7 13. g5 Ne8 $132) 12. Bg3 b5 13. Qd2 b4 14. Nd1 a5
$15) 11... Nd7 {White's attempt to create something on the kingside may hardly
succied.} 12. Qd2 b5 13. g5 Bb7 (13... Qc7 $5 {[%csl Re5]}) 14. O-O-O b4 {
Now it's clear that black is first to attack.} 15. Ne4 $8 {[%cal Gd1d7]} Nxe5 (
15... Qa5 16. Kb1 Nxe5 17. Nf6+ $1 (17. Bxe5 $2 dxe4 18. Qd7 Bd5 $17) 17...
gxf6 18. gxf6 Bxf6 19. Bxe5 Bxe5 20. Qg5+ Kh8 21. Qxe5+ f6 22. Qxe6 d4 23. Rhg1
Bd5 $15 {[%csl Ra2]}) 16. Bxe5 dxe4 17. Qf4 Bd5 $15 18. Kb1 Rc8 ({May be
better was} 18... Qa5 19. b3 Rfc8 20. Rc1 (20. h5 Rxc2 $1 21. Kxc2 Qxa2+ 22.
Kc1 Rc8+ $19) 20... Rc5 21. Bd4 Qc7 22. Qe3 Rc6 23. h5 Rc8 $17 {with very
promising position}) 19. b3 Rc6 $6 (19... Qa5) 20. f3 $1 exf3 21. Bxf3 Bd6 (
21... Qc8 22. Bxd5 exd5 23. Bxg7 Kxg7 24. Qe5+ Kg8 25. Qxe7 Rxc2 26. Qxb4 Qf5
27. Ka1 $11) 22. Bxd5 Bxe5 23. Qxe5 exd5 24. Rxd5 {Finally equalizing the game!
} (24. Qxd5 $11) 24... Qc8 25. h5 $6 (25. Rc1 $11) 25... Rxc2 26. h6 Qc3 {
[%cal Gc3g7]} 27. Qxc3 Rxc3 28. Rh4 Rc6 (28... Rb8 $2 29. Rxb4) 29. hxg7 Rb8
30. Rd7 a5 $1 {[%csl Rb1][%cal Gb8c8,Gc8c1]} 31. Rf4 Rbc8 32. Rf2 (32. Rdxf7 $4
Rc1+ 33. Kb2 R8c2#) 32... R8c7 33. Rxc7 Rxc7 34. Rf5 Ra7 35. Kc2 Kxg7 36. Kd3
Kg6 37. Ke4 a4 (37... h5 38. gxh6 Kxh6 39. Kf4 $11) 38. Rb5 axb3 39. axb3 Ra3
40. Rxb4 Kxg5 41. Rb5+ Kg4 42. Rf5 Ra7 (42... Rxb3 43. Rxf7 h5 44. Rg7+ Kh3 45.
Kf4 h4 46. Rh7 Rg3 47. Rh8 $11) 43. Rf4+ Kg5 44. Rf5+ Kg6 45. Rb5 Ra1 46. Rb8
Rf1 47. b4 h5 48. b5 h4 1/2-1/2

[Event "CZE-ch"]
[Site "Karlovy Vary"]
[Date "2005.02.07"]
[Round "7"]
[White "Cvek, Robert"]
[Black "Vokac, Marek"]
[Result "1-0"]
[WhiteElo "2499"]
[BlackElo "2476"]
[Annotator "Finkel,A"]
[PlyCount "99"]
[EventDate "2005.02.01"]
[EventType "tourn"]
[EventRounds "11"]
[EventCountry "CZE"]
[EventCategory "11"]
[SourceTitle "CBM 106"]
[Source "ChessBase"]
[SourceDate "2005.06.06"]
[SourceVersion "1"]
[SourceVersionDate "2005.06.06"]
[SourceQuality "1"]

1. d4 d5 2. Nf3 c6 3. Bg5 Qb6 4. Qc1 h6 5. Bf4 (5. Bh4 Bf5 6. Nbd2 e6 7. e3 Nd7
8. c4 Ngf6 9. c5 Qd8 10. b4 Be7 11. Be2 Ne4 12. Bxe7 Qxe7 $11 {Taferner,
H-McAloon,J/Segovia 1990}) 5... Bf5 (5... Nf6 6. e3 Bf5 7. Be2 Nbd7 8. O-O g5
9. Bg3 Ne4 10. Nbd2 Nxg3 11. hxg3 e6 12. c4 Qc7 $13 {Klein,R-Coursaget,N/
Groningen 1999}) (5... g5 6. Be5 f6 7. Bxb8 Rxb8 8. e3 Bf5 9. Bd3 Bxd3 10. cxd3
e6 11. O-O Bd6 12. Nc3 Ne7 $13 {Scholz,H-Watson,R/Oberjoch 1999}) 6. e3 e6 (
6... Nd7 7. Nbd2 Ngf6 8. c4 e6 9. c5 Qd8 10. h3 a5 11. Be2 Ne4 12. O-O g5 13.
Be5 f6 14. Bh2 h5 15. Nxe4 dxe4 16. Nd2 $14 {Juergens,P-Altanoch,G/Passau 1996}
) (6... Nf6 7. Ne5 e6 8. Nd2 Nbd7 9. Ndf3 Be7 10. Bd3 Bxd3 11. Nxd3 c5 12. c3
O-O $11 {Pfeffer,R-Koutsin,S/Guben 2000}) 7. Be2 Nf6 8. O-O Be7 (8... Nbd7 9.
Nbd2 Nh5 10. Bg3 Nxg3 11. hxg3 Be7 12. c4 O-O 13. c5 Qc7 14. Nh4 Bh7 15. f4 Bf6
$13 {Manninen,M-Gronroos,M/Vantaa 2003}) 9. c4 O-O 10. Nc3 Nbd7 11. Ne5 Nxe5
12. Bxe5 Rae8 (12... dxc4 13. Bxc4 Qa5 $11 {[%cal Gc6c5]}) 13. a3 Ne4 (13...
Qb3 14. c5 $13) 14. Nxe4 Bxe4 15. Qc3 g5 $2 {Black should've traded the
darksquared bishops to reach an equality.} (15... Qd8 $1 16. b4 (16. c5 Bf6 17.
Bg3 Bh4 $11) 16... Bd6 17. Bxd6 Qxd6 18. c5 Qe7 19. b5 e5 $11 {[%csl Ge4][%cal
Ge4b1]}) 16. b4 f6 17. Bg3 Bg6 18. Bd3 $1 $16 {Spotting the weakness of the
light squares around the king.} Bxd3 19. Qxd3 Kg7 20. c5 Qd8 21. b5 h5 (21...
f5 22. Be5+ Bf6 23. Bxf6+ Rxf6 24. bxc6 bxc6 25. Qa6 Qc7 26. Rab1 Rf7 27. f4 $5
$16 {[%csl Gb7][%cal Gg2g3,Gb1b3,Gf1b1,Gb3b7]}) 22. h3 h4 $6 (22... f5 23. Be5+
Bf6 24. Bxf6+ Rxf6 25. bxc6 bxc6 26. Qa6 Qc7 27. Rab1 Rf7 28. Rb3 f4 29. exf4
gxf4 30. Rfb1 $16) 23. Bh2 Rf7 24. bxc6 bxc6 25. Qa6 Qd7 26. Rab1 {[%cal Gb1b7]
} Bf8 27. f4 $1 {Opening up the second front!} gxf4 $6 (27... Kg6 $8 28. Qd3+
f5 29. fxg5 Kxg5) 28. Rxf4 Kg8 29. Rxh4 e5 30. Rg4+ Bg7 31. Qd3 f5 32. Rg6 exd4
(32... f4 33. exf4 (33. Rd6 Qf5 34. Qxf5 Rxf5 35. exf4 exf4 36. Rxc6 Bxd4+ 37.
Kh1 f3 $15) 33... exf4 34. Rg4 Qc7 (34... Re4 35. Rb8+ Kh7 36. Bxf4 Bxd4+ 37.
Kh1 $16) 35. Qg6 (35. Rf1 Re4 36. Qd2 Qe7 37. Kh1 $16) 35... Re4 $14) 33. exd4
f4 34. Rg4 Qc7 35. Qg6 Kf8 (35... Re4 $5 $14) 36. Rf1 (36. Bxf4 $5 Rxf4 37.
Qxg7+ Qxg7 38. Rxf4+ Kg8 (38... Ke7 39. Rb7+ $18) 39. Rg4 Qxg4 40. hxg4 Re4 41.
Rb8+ Kf7 42. Rb7+ Ke8 43. Rxa7 Rxd4 44. Rc7 $16) 36... Re4 37. Kh1 Rxd4 38. h4
$1 Re4 39. h5 Rf6 40. Qg5 Re5 41. Qh4 Ref5 (41... Qf7 42. Rgxf4 Rxh5 43. Rxf6
Bxf6 44. Qxf6 $18) 42. Rgxf4 Rxf4 43. Bxf4 Qf7 44. h6 Bh8 45. h7 Qg6 (45... Ke8
46. Re1+ Kd7 47. Bd6 Rf1+ 48. Rxf1 Qxf1+ 49. Kh2 Qe2 50. Qh6 $18 {[%cal Gd6g3,
Gh6d6]}) 46. Re1 Kf7 47. Be5 Rf5 48. Bxh8 Rh5 49. Re7+ Kf8 50. Bg7+ 1-0

[Event "EU-chT (Men) 15th"]
[Site "Gothenburg"]
[Date "2005.08.02"]
[Round "4.2"]
[White "Hall, Jesper"]
[Black "Eljanov, Pavel"]
[Result "0-1"]
[WhiteElo "2487"]
[BlackElo "2639"]
[Annotator "Finkel,A"]
[PlyCount "88"]
[EventDate "2005.07.30"]
[EventType "team-swiss"]
[EventRounds "9"]
[EventCountry "SWE"]
[SourceTitle "CBM 109"]
[Source "ChessBase"]
[SourceDate "2005.11.14"]
[SourceVersion "1"]
[SourceVersionDate "2005.11.14"]
[SourceQuality "1"]
[WhiteTeam "Sweden III"]
[BlackTeam "Ukraine"]
[WhiteTeamCountry "SWE"]
[BlackTeamCountry "UKR"]

1. d4 Nf6 2. Bg5 d5 3. Bxf6 exf6 4. e3 Bd6 5. c4 dxc4 6. Bxc4 O-O 7. Nc3 Nd7 8.
Qc2 f5 9. Bd3 {White's only reasonable plan in the position is to go for the
queenside castle followed by e4, however he can't afford himself to do it
right away:} (9. Nf3 Nf6 10. Rd1 Qe7 11. O-O c6 12. a3 Bd7 13. Rfe1 Rae8 14. d5
c5 15. g3 Ne4 16. Bd3 Nxc3 17. bxc3 Qf6 $11 {Djurhuus,R-Nielsen,P/Gausdal 1995}
) (9. O-O-O $6 Nf6 10. h3 g6 11. f3 a6 12. e4 b5 13. Bd3 fxe4 14. fxe4 Bf4+ 15.
Kb1 Qxd4 16. Bxb5 Qc5 $15 {Nakamura,H-Olafsson,H/Reykjavik 2004}) 9... g6 10.
Nf3 ({Nothing much changes} 10. h4 h5 11. O-O-O Nf6 12. Nf3 c6 13. Kb1 Qe7 14.
Ng5 Bd7 15. Rhe1 Rae8 16. Re2 Bb4 $13 {Bellon Lopez,J-Hjelm,N/Malmo 2003})
10... Nf6 11. h4 h5 12. Ng5 c6 13. O-O-O b5 14. Kb1 Rb8 {Black is ready to
start an actions on the queenside, so white has to take some precautions as
his play in the center comes a bit late.} 15. f3 {[%csl Re3]} (15. Ne2 Nd5 (
15... b4 $6 16. Nc1 a5 17. Bc4 Nd5 18. Nd3 $14) 16. g3 Nb4 17. Qd2 f6 18. Nh3
Be6 19. Nc1 Bd5 $15) 15... b4 16. Ne2 Nd5 17. Qd2 Qa5 {[%cal Gd5c3]} 18. Rc1 {
Black was threatening to play 18...Nc3, so white had to deal with it.} (18. Nc1
$2 Nc3+ $19) (18. Ka1 $5 Ba6 (18... f6 19. Nh3 Be6 20. Nc1 $13) 19. Nc1 Bxd3
20. Qxd3 Qb5 $6 21. e4 Qxd3 22. Nxd3 fxe4 23. fxe4 Ne3 24. Rd2 $13) 18... Ba6
19. b3 $5 ({Those who enjoy walking on the edge would've preferred} 19. Rxc6
Rb6 (19... Nc3+ $2 20. Nxc3 bxc3 21. Qxc3 Bb4 22. Qb3 $16) 20. Rxb6 axb6 21.
Bxa6 Qxa6 22. Nc1 Rc8 $44 {with unclear position.}) 19... Nc3+ 20. Nxc3 bxc3
21. Qxc3 $1 {After sacrifing an exchange white no longer has to worry about
black's attack, so it's most definitely the right decision.} (21. Qc2 $6 Ba3
22. Rcd1 Bxd3 23. Rxd3 Bb2 $17 {[%cal Gb8b6,Gb6a6]}) 21... Qxc3 22. Rxc3 Bb4
23. Bxa6 Bxc3 24. Kc2 Bb4 25. Kd3 (25. a4 c5 26. d5 Rfe8 27. Kd3 Rbd8 28. Bc4
Re7 $15) 25... Ba3 26. Bc4 Rbd8 27. g3 Be7 28. Rc1 (28. f4 Bxg5 29. hxg5 Kg7
30. Rc1 $13) 28... Bxg5 29. hxg5 Kg7 30. Ba6 f6 31. f4 fxg5 32. fxg5 Rd6 33.
Bb7 Rb8 34. Bxc6 $2 {Throwing away a well played game. It was necessary to
take with the rook with drawish position.} (34. Rxc6 Rxc6 35. Bxc6 Kf7 36. e4
fxe4+ 37. Bxe4 Rb5 38. d5 Rb4 39. Ke3 $11) 34... Rc8 35. d5 Rxd5+ $1 $19 36.
Bxd5 Rxc1 37. b4 Rg1 38. a4 Rxg3 39. Kd4 Rxg5 40. a5 Rg1 41. Kc5 h4 42. Kc6 h3
43. Kb5 Ra1 44. a6 Rb1 0-1

[Event "EU-chT (Men) 15th"]
[Site "Gothenburg"]
[Date "2005.08.01"]
[Round "3.1"]
[White "McShane, Luke J"]
[Black "Illescas Cordoba, Miguel"]
[Result "1-0"]
[WhiteElo "2625"]
[BlackElo "2624"]
[Annotator "Finkel,A"]
[PlyCount "83"]
[EventDate "2005.07.30"]
[EventType "team-swiss"]
[EventRounds "9"]
[EventCountry "SWE"]
[SourceTitle "CBM 109"]
[Source "ChessBase"]
[SourceDate "2005.11.14"]
[SourceVersion "1"]
[SourceVersionDate "2005.11.14"]
[SourceQuality "1"]
[WhiteTeam "England"]
[BlackTeam "Spain"]
[WhiteTeamCountry "ENG"]
[BlackTeamCountry "ESP"]

1. d4 {Wells} d5 2. Bf4 c5 3. e4 {Very unusual variation which leads to a very
complex play with mutual chances. Wells: 'If the Albin Counter-Gambit can
really be playable, then there must be a place for this too!'} dxe4 4. d5 Nf6
5. Nc3 a6 (5... g6 6. Nb5 (6. Qd2 Bg7 7. Bh6 O-O 8. Bxg7 Kxg7 9. Nge2 Na6 10.
O-O-O Bg4 11. h3 Bxe2 12. Bxe2 Qa5 $15 {Sirnik,B-Susnik,M/Ljubljana 1998}) 6...
Na6 7. d6 Bg4 8. f3 exf3 9. gxf3 Bf5 10. Qd2 $44 {Toupalik,B-Spielmann,R/
Prague 1912}) 6. Qe2 {Wells: 'A speciality of Belgian GM Luc Winants.'} g6 (
6... e6 $5 7. O-O-O Qa5 8. d6 Nc6 9. Kb1 e5 10. Bd2 Nd4 11. Qe1 Qb6 12. Bg5 Be6
13. Bxf6 gxf6 14. Nxe4 O-O-O $15 {Winants,L-Tregubov,P/Warsaw 2005}) 7. O-O-O
Bg7 (7... Bf5 8. f3 exf3 9. Nxf3 Bg7 10. h3 $36) 8. Nxe4 Nxe4 9. Qxe4 O-O 10.
Bc4 Bf5 $1 {This move is better than immediate} (10... b5 $5 {which could be
met with} 11. d6 Ra7 12. Bg5 Bf6 13. Bxf6 exf6 14. Bd5 {and black doesn't
succeed to win a pawn on d6:} Rd7 15. Qf4 Kg7 16. Bf3 Re8 17. Ne2 Re6 18. Ng3
$36 Rexd6 $140 19. Rxd6 Rxd6 20. Ne4 Rb6 21. Nxc5 $14) (10... Nd7 $5 {Wells})
11. Qf3 b5 12. Bf1 Qa5 13. g4 Qxa2 $5 {This move is good enough for a draw,
but it's hardly sufficient for more than that, so deserved attention the calm
Wells: 'Of course, one could write a whole column about this crazy game.
Suffice to say that Luke's spectacular recovery from a poor result preceding
these championships was built on splendidly fearless chess of which this
titanic mess was typical.'} (13... Bc8 $1 14. a3 (14. d6 $2 Qxa2 15. dxe7 Qxb2+
16. Kd2 Re8 17. Qxa8 Bc3+ 18. Ke3 Rxe7+ 19. Kf3 Bb7+ $19) 14... Bb7 15. Qg3 e6
$15 {with excellent chances.}) 14. gxf5 Qxb2+ 15. Kd2 Nd7 $5 {Black decides to
keep on playing as he could've forced a draw by perpetual after} (15... Qb4+
16. Ke2 Qc4+ 17. Kd2 Qb4+ $11) 16. Ne2 Nb6 17. Qb3 Qf6 (17... Nxd5 18. Qxb2
Bxb2 19. fxg6 hxg6 20. Bg2 Rfd8 $5 {[%csl Ga8]} 21. Bxd5 Rxd5+ 22. Ke3 Rxd1 23.
Rxd1 e5 24. Bg5 $13) 18. Ke1 Qxf5 19. Bh3 Qf6 20. Rg1 Nc4 (20... c4 $6 21. Qe3
{[%csl Rb6]}) 21. Rg3 $1 Nb2 $6 (21... e5 22. Bc1 Qb6 23. Kf1 a5 $13) 22. Rb1
Nc4 23. Rd1 Nb2 24. Rb1 Nc4 25. Bg2 Rad8 (25... e5 $5 26. dxe6 Rad8 27. Bg5
Qxe6 28. Bxd8 Rxd8 $44) 26. h4 $1 h6 {'?!' Wells. Wells: 'This keenness to
take away the g5 square from White is quite understandable. But, like me, I
think Illescas had missed Luke's devious idea.'} (26... Qxh4 $2 {Wells} 27. Bg5
Qh2 28. Bxe7) 27. h5 g5 $2 {After the move in the game black loses more
material to save the queen, so it was necessary to opt for} (27... e6 $132) 28.
Bc7 $1 $18 {[%csl Rf6][%cal Gg3f3] Wells: '...and there we have it. The threat
to trap the queen in mid board came as a fair old surprise to me as I still
had the feeling that Black enjoyed a degree of initiative. I guess I've been
writing about dark squares too much and its clouded my judgement!'} Rd6 29.
Bxd6 exd6 (29... Qxd6 $142 {[%cal Gf7f5]}) 30. Qf3 Qd8 31. Qf5 $1 {[%cal Gg2e4]
} Re8 32. Be4 Kf8 33. Rf3 Qa5+ 34. c3 Ne5 35. Re3 Nc4 36. Rf3 Ne5 37. Rg3 Qa2 {
Wells: 'Feels like a degree of desertion again, but the game's up for Black
anyway.'} 38. f4 gxf4 39. Qxf4 Qc4 40. Kf2 Nd7 (40... Nd3+ 41. Rxd3 Rxe4 42.
Qxd6+ $18) 41. Rxg7 {'!' Wells.} Kxg7 42. Rg1+ 1-0